Statistics for April Fools Quiz: Geography Edition!

Click here to take the quiz!

General Stats

  • This quiz has been taken 37 times
  • The average score is 8 of 12

Answer Stats

HintAnswer% Correct
What continent is Cyprus on?Europe
97%
What is the most obese country?United States
80%
What language is spoken in Mexico?Mexican
74%
What is the capital of Australia?Sydney
74%
What is the largest desert?Sahara
71%
What is the largest island owned by China?Taiwan
69%
What language is spoken in the United States?American
66%
What is the 51st state?Canada
66%
What is the capital of Israel?Tel Aviv
63%
What is the capital of Switzerland?Geneva
57%
What is the largest country?Africa
31%
What country is Bielefeld in?It doesn't exist
17%

Score Distribution

Percentile by Number Answered

Percent of People with Each Score

Your Score History

You have not taken this quiz